Times de Futebol de Minas Gerais - Statistics

Estatísticas Gerais
  • Esse quiz foi jogado 191 vezes
  • A pontuação média é 23 de 66
Estatísticas das Respostas
Cidade Time % Correto
Belo Horizonte Cruzeiro
99%
Belo Horizonte Atlético Mineiro
96%
Belo Horizonte América Mineiro
93%
Ipatinga Ipatinga
83%
Tombos Tombense
81%
Uberlândia Uberlândia
81%
Pouso Alegre Pouso Alegre
73%
Betim Betim
70%
São João Del Rey Athletic
69%
Itabirito Itabirito
68%
Poços de Caldas Caldense
66%
Patrocínio Patrocinense
66%
Uberaba Uberaba
65%
Nova Lima Villa Nova
63%
Araxá Araxá
54%
Juiz de Fora Tupi
53%
Governador Valadares Democrata GV
51%
Ituiutaba Boa Esporte
48%
Patos de Minas URT
47%
Varginha Varginha
42%
Sete Lagoas Democrata SL
38%
Divinópolis Guarani
38%
Formiga Formiga
36%
Belo Horizonte Coimbra
35%
Contagem Contagem
35%
Araguari Araguari
34%
Muriaé Nacional
34%
Patos de Minas Nacional
34%
Visconde do Rio Branco Nacional
34%
Teófilo Otoni América TO
30%
Patos de Minas Mamoré
30%
Paracatu Paracatu
30%
Passos Passos
30%
Poços de Caldas Poços de Caldas
30%
Pirapora Pirapora
28%
Juiz de Fora Tupynambás
28%
Três Corações Tricordiano
27%
Montes Claros North
26%
Santa Luzia Santa Luzia
26%
Sabará Siderúrgica
25%
Brumadinho Brumadinho
24%
Caratinga Caratinga
23%
Ubá Aymorés
20%
Andradas Rio Branco
19%
Coronel Fabriciano Social
18%
Ibitira Valério
16%
Três Corações Atlético Três Corações
14%
Sete Lagoas Minas Boca
14%
Manhuaçu Boston City
12%
Itaúna Inter de Minas
12%
Lavras Fabril
11%
Montes Claros Funorte
10%
Uberlândia Essube
9%
Santa Rita do Sapucaí Santarritense
9%
São João Del Rey Figueirense
7%
Ouro Branco Betis
6%
Itatiaiuçu Serranense
6%
Machado Villa Real
6%
Minas Novas Juventus
5%
Uberlândia CAP Uberlândia
4%
Ipatinga Ideal
4%
São Gotardo Inter SG
4%
Ipatinga Novo Ipatinga
1%
Uberlândia XV de Uber
1%
Uberaba Nacional FC
0%
Patrocínio Patrocinense SE
0%
Nenhum quiz correspondente encontrado
Distribuição das Pontuações
Porcentagem de Pessoas com Cada Pontuação
Percentil de Números Respondidos
Sua Pontuação Histórica
Você não jogou esse quiz